<?xml version="1.0" encoding="UTF-8"?><?xml-stylesheet type="text/xsl" href="static/style.xsl"?><OAI-PMH xmlns="http://www.openarchives.org/OAI/2.0/" xmlns:xsi="http://www.w3.org/2001/XMLSchema-instance" xsi:schemaLocation="http://www.openarchives.org/OAI/2.0/ http://www.openarchives.org/OAI/2.0/OAI-PMH.xsd"><responseDate>2026-04-17T03:33:24Z</responseDate><request verb="GetRecord" identifier="oai:www.recercat.cat:2072/485357" metadataPrefix="marc">https://recercat.cat/oai/request</request><GetRecord><record><header><identifier>oai:recercat.cat:2072/485357</identifier><datestamp>2025-08-31T18:19:48Z</datestamp><setSpec>com_2072_98</setSpec><setSpec>col_2072_378192</setSpec></header><metadata><record xmlns="http://www.loc.gov/MARC21/slim" xmlns:dcterms="http://purl.org/dc/terms/" xmlns:xsi="http://www.w3.org/2001/XMLSchema-instance" xmlns:doc="http://www.lyncode.com/xoai" xsi:schemaLocation="http://www.loc.gov/MARC21/slim http://www.loc.gov/standards/marcxml/schema/MARC21slim.xsd">
   <leader>00925njm 22002777a 4500</leader>
   <datafield ind2=" " ind1=" " tag="042">
      <subfield code="a">dc</subfield>
   </datafield>
   <datafield ind2=" " ind1=" " tag="720">
      <subfield code="a">Molina, José Luis</subfield>
      <subfield code="e">author</subfield>
   </datafield>
   <datafield ind2=" " ind1=" " tag="720">
      <subfield code="a">Lerner, Jürgen</subfield>
      <subfield code="e">author</subfield>
   </datafield>
   <datafield ind2=" " ind1=" " tag="720">
      <subfield code="a">Antón Pelayo, Javier</subfield>
      <subfield code="e">author</subfield>
   </datafield>
   <datafield ind2=" " ind1=" " tag="260">
      <subfield code="c">2026</subfield>
   </datafield>
   <datafield ind2=" " ind1=" " tag="520">
      <subfield code="a">El artículo reconstruye, analiza y compara la red personal de Martí de Burguès (1756-1809) a partir de sus intercambios epistolares, aplicando la metodología de los modelos de hipereventos relacionales (RHEM). La investigación se centra en cómo las relaciones sociales de Burguès reflejan las estructuras sociales y culturales de su época, incluyendo la centralidad de la familia, el patronazgo, y las relaciones militares y profesionales. Se destaca la continuidad de las estructuras relacionales a lo largo del tiempo, así como la influencia de factores macrosociales y culturales en la configuración de la red personal. Los resultados sugieren que, a pesar de las diferencias, la red personal de Burguès comparte características estructurales con las redes personales contemporáneas, así como en la dispersión geográfica de las relaciones. El estudio concluye con una reflexión sobre la utilidad de observar las estructuras relacionales para comprender los fenómenos socioculturales.</subfield>
   </datafield>
   <datafield ind2=" " ind1=" " tag="520">
      <subfield code="a">The article reconstructs, analyzes, and compares the personal network of Martí de Burguès (1756-1809) based on his epistolary exchanges, applying the methodology of relational hyper-event models (RHEM). The research focuses on how Burguès' social relationships reflect the social and cultural structures of his time, including the centrality of family, patronage, and military and professional relations. The study highlights the continuity of relational structures over time, as well as the influence of macrosocial and cultural factors in the configuration of his personal network. The findings suggest that, despite differences, Burguès' personal network shares structural characteristics with contemporary personal networks, as well as in the geographical dispersion of relationships. The study concludes with a reflection on the utility of examining relational structures to understand sociocultural phenomena.</subfield>
   </datafield>
   <datafield ind2=" " ind1=" " tag="520">
      <subfield code="a">O artigo reconstrói, analisa e compara a rede pessoal de Martí de Burguès (1756-1809) a partir das suas trocas epistolares, aplicando a metodologia dos modelos relacionais de hipereventos (RHEM). A investigação centra-se na forma como as relações sociais de Burguès reflectem as estruturas sociais e culturais do seu tempo, incluindo a centralidade da família, do clientelismo e das relações militares e profissionais. Destaca-se a continuidade das estruturas relacionais ao longo do tempo, bem como a influência dos fatores macrossociais e culturais na configuração da rede pessoal. Os resultados sugerem que, apesar das diferenças, a rede pessoal de Burguès partilha características estruturais com as redes pessoais contemporâneas, bem como a dispersão geográfica das relações. O estudo conclui com uma reflexão sobre a utilidade da observação de estruturas relacionais para a compreensão dos fenómenos socioculturais.</subfield>
   </datafield>
   <datafield ind1="8" ind2=" " tag="024">
      <subfield code="a">http://hdl.handle.net/2072/485357</subfield>
   </datafield>
   <datafield tag="653" ind2=" " ind1=" ">
      <subfield code="a">Personal networks</subfield>
   </datafield>
   <datafield tag="653" ind2=" " ind1=" ">
      <subfield code="a">Epistolar exchange</subfield>
   </datafield>
   <datafield tag="653" ind2=" " ind1=" ">
      <subfield code="a">RHEM</subfield>
   </datafield>
   <datafield tag="653" ind2=" " ind1=" ">
      <subfield code="a">Martí de burguès</subfield>
   </datafield>
   <datafield tag="653" ind2=" " ind1=" ">
      <subfield code="a">Redes personales</subfield>
   </datafield>
   <datafield tag="653" ind2=" " ind1=" ">
      <subfield code="a">Correspondencia epistolar</subfield>
   </datafield>
   <datafield tag="653" ind2=" " ind1=" ">
      <subfield code="a">Redes pessoais</subfield>
   </datafield>
   <datafield tag="653" ind2=" " ind1=" ">
      <subfield code="a">Correspondência epistolar</subfield>
   </datafield>
   <datafield ind2="0" ind1="0" tag="245">
      <subfield code="a">La dimensión global de la red personal de Martí de Burguès (1756-1809) a partir de sus intercambios epistolares</subfield>
   </datafield>
</record></metadata></record></GetRecord></OAI-PMH>